| 000 | 00778nam a2200205Ia 4500 | ||
|---|---|---|---|
| 005 | 20260121110149.0 | ||
| 008 | 008 260114s9999 xx 000 0 hin d | ||
| 020 | _a9788132387442 | ||
| 037 | _aEBOOK | ||
| 040 |
_aCRL _bhin _cCRL |
||
| 041 |
_ahin _2hin |
||
| 084 | _qCRL | ||
| 100 |
_aउत्सव भल्ला / Utsav Bhalla _9942816 |
||
| 245 | 0 | _aज्वालामुखी विज्ञान और ज्वालामुखीय चट्टानों का अध्ययन / Jwalamukhi vigyan aur jwalamukhiy chattanon ka adhyayan | |
| 260 |
_bभाषा प्रकाशन / Bhasha Prakashan _c2023 |
||
| 856 | _uhttps://bhashaprakashan.com/product-details/436774 | ||
| 942 | _cEBOOK | ||
| 999 |
_c1534481 _d1534481 |
||